书目信息 |
| 题名: |
微生物学
|
|
| 作者: | 袁嘉丽 , 罗晶 主编 | |
| 分册: | ||
| 出版信息: | 北京 中国中医药出版社 2015.01 |
|
| 页数: | 224页 | |
| 开本: | 26cm | |
| 丛书名: | ||
| 单 册: | ||
| 中图分类: | Q93 | |
| 科图分类: | ||
| 主题词: | 微生物学--wei sheng wu xue--中医学院--教材 | |
| 电子资源: | ||
| ISBN: | 978-7-5132-2162-7 | |
| 000 | 00912nam0 2200265 450 | |
| 001 | 2030332634 | |
| 005 | 20201122090937.44 | |
| 010 | @a978-7-5132-2162-7@dCNY49.00 | |
| 100 | @a20150310e20192015em y0chiy50 ea | |
| 101 | 0 | @achi |
| 102 | @aCN@b110000 | |
| 105 | @aa z 000yy | |
| 106 | @ar | |
| 200 | 1 | @a微生物学@9wei sheng wu xue@f袁嘉丽, 罗晶主编 |
| 205 | @a2版 | |
| 210 | @a北京@c中国中医药出版社@d2015.01@h2019.04 | |
| 215 | @a224页@c图@d26cm | |
| 300 | @a全国中医药行业高等教育“十二五”规划教材全国高等中医药院校规划教材(第九版)供中药学、药学类等专业用 | |
| 330 | @a本书分微生物学概述、医学微生物、微生物药学应用三个部分,从细胞、分子或群体水平上讲清概念、阐述规律。 | |
| 606 | 0 | @a微生物学@9wei sheng wu xue@x中医学院@j教材 |
| 690 | @aQ93@v5 | |
| 701 | 0 | @a袁嘉丽@9yuan jia li@4主编 |
| 701 | 0 | @a罗晶@9luo jing@4主编 |
| 801 | 0 | @aCN@bBJSZM@c20201120 |
| 905 | @b1243039-42@dQ93@e115=2@f4 | |
| 微生物学/袁嘉丽, 罗晶主编.-2版.-北京:中国中医药出版社,2015.01(2019.04) |
| 224页:图;26cm |
| 全国中医药行业高等教育“十二五”规划教材全国高等中医药院校规划教材(第九版)供中药学、药学类等专业用 |
| ISBN 978-7-5132-2162-7:CNY49.00 |
| 本书分微生物学概述、医学微生物、微生物药学应用三个部分,从细胞、分子或群体水平上讲清概念、阐述规律。 |
| ● |
| 相关链接 |
|
|
|
|
正题名:微生物学
索取号:Q93/115=2
 
预约/预借
| 序号 | 登录号 | 条形码 | 馆藏地/架位号 | 状态 | 备注 |
| 1 | 1243039 | 212430396 | 第二样本阅览室/ [索取号:Q93/115=2] | 在馆 | |
| 2 | 1243040 | 212430403 | 第三借阅区/ [索取号:Q93/115=2] | 在馆 | |
| 3 | 1243041 | 212430412 | 第三借阅区/ [索取号:Q93/115=2] | 在馆 | |
| 4 | 1243042 | 212430421 | 第三借阅区/ [索取号:Q93/115=2] | 在馆 |